[Event "Madrid-ch U14 Girls"]
[Site "Madrid"]
[Date "2016.04.17"]
[Round "3.1"]
[White "Bermejo Calvo, Nora"]
[Black "Garcia Sanz, Beatriz"]
[Result "1/2-1/2"]
[WhiteElo "1276"]
[BlackElo "1285"]
[PlyCount "92"]
[EventDate "2016.04.16"]
[EventType "tourn"]
[EventRounds "7"]
[EventCountry "ESP"]
[SourceTitle "EXT 2024"]
[Source "ChessBase"]
[SourceDate "2023.10.10"]
[SourceVersion "1"]
[SourceVersionDate "2023.10.10"]
[SourceQuality "1"]

1. e4 e5 2. Nf3 Nc6 3. Bb5 d6 4. 0-0 Nf6 5. Re1 Bg4 6. c3 a6 7. Ba4 b5 8. Bb3 d5 9. Bc2 Be7 10. b4 d4 11. Bb2 dxc3 12. dxc3 Qxd1 13. Bxd1 Rd8 14. Na3 0-0 15. h3 Bh5 16. Ng5 Bxd1 17. Raxd1 Rxd1 18. Rxd1 h6 19. Nf3 Nxe4 20. Re1 f5 21. Nxe5 Nxe5 22. f3 Nd3 23. Re3 Nxb2 24. fxe4 Na4 25. exf5 Bf6 26. c4 Bb2 27. Nc2 bxc4 28. Re7 Rxf5 29. Rxc7 Nc3 30. Ne3 Nd5 31. Rc8+ Rf8 32. Rxf8+ Kxf8 33. Nxd5 c3 34. Ne3 Ba3 35. Nc2 Bc1 36. Kf1 Ke7 37. Ke2 Kd6 38. Kd3 Bd2 39. Kd4 h5 40. g4 hxg4 41. hxg4 g5 42. a3 Kc6 43. Kc4 Kb6 44. a4 a5 45. b5 Bf4 46. Kd4 Bg3 1/2-1/2

[Event "Madrid-ch U14 Girls"]
[Site "Madrid"]
[Date "2016.04.17"]
[Round "4.1"]
[White "Garcia Sanz, Beatriz"]
[Black "Ruperez Benito, Yaiza"]
[Result "1-0"]
[WhiteElo "1285"]
[BlackElo "1477"]
[PlyCount "117"]
[EventDate "2016.04.16"]
[EventType "tourn"]
[EventRounds "7"]
[EventCountry "ESP"]
[SourceTitle "EXT 2024"]
[Source "ChessBase"]
[SourceDate "2023.10.10"]
[SourceVersion "1"]
[SourceVersionDate "2023.10.10"]
[SourceQuality "1"]

1. e4 e6 2. d4 d5 3. e5 c5 4. Nf3 Nc6 5. c3 Nge7 6. Bg5 Qb6 7. b3 Nf5 8. Bd3 cxd4 9. Bxf5 exf5 10. Nxd4 Nxe5 11. Qe2 f6 12. f4 Be7 13. Bxf6 Bxf6 14. fxe5 Bh4+ 15. g3 Be7 16. Qb5+ Qxb5 17. Nxb5 0-0 18. 0-0 Bc5+ 19. Kg2 Bb6 20. N1a3 Bd7 21. Rad1 Bc6 22. Nd4 Bc5 23. b4 Ba4 24. Rd2 Bxd4 25. Rxd4 Rac8 26. b5 Rxc3 27. Rxa4 Re3 28. Rxa7 b6 29. Nc2 Re2+ 30. Rf2 Rxe5 31. Nd4 h6 32. Rb7 f4 33. Rxf4 Rxf4 34. gxf4 Re4 35. Nf3 Rxf4 36. Rxb6 Rb4 37. a3 Rg4+ 38. Kf2 Kh7 39. Rd6 Ra4 40. Rxd5 Rxa3 41. Nd4 Ra2+ 42. Ke3 Rxh2 43. b6 Rb2 44. Rb5 Rxb5 45. Nxb5 g5 46. b7 Kg6 47. b8Q Kh5 48. Qh2+ Kg6 49. Nd4 g4 50. Kf4 h5 51. Qh4 Kh6 52. Qg5+ Kh7 53. Qxh5+ Kg8 54. Qxg4+ Kh8 55. Qd7 Kg8 56. Nc2 Kh8 57. Kf5 Kg8 58. Kf6 Kh8 59. Qg7# 1-0

[Event "Madrid-ch U14 Girls"]
[Site "Madrid"]
[Date "2016.04.16"]
[Round "1.1"]
[White "Rial Rodriguez, Marta"]
[Black "Garcia Sanz, Beatriz"]
[Result "1-0"]
[WhiteElo "1481"]
[BlackElo "1285"]
[PlyCount "145"]
[EventDate "2016.04.16"]
[EventType "tourn"]
[EventRounds "7"]
[EventCountry "ESP"]
[SourceTitle "EXT 2024"]
[Source "ChessBase"]
[SourceDate "2023.10.10"]
[SourceVersion "1"]
[SourceVersionDate "2023.10.10"]
[SourceQuality "1"]

1. e4 e5 2. Nf3 Nc6 3. Bc4 Bc5 4. c3 Nf6 5. d4 exd4 6. 0-0 dxc3 7. e5 Ne4 8. Qd5 Qe7 9. Qxe4 f5 10. Qh4 Qxh4 11. Nxh4 Nxe5 12. Re1 d6 13. Nxc3 Bd7 14. Bf4 Bd4 15. Bxe5 dxe5 16. Nf3 Bxc3 17. bxc3 e4 18. Ne5 Rf8 19. Nxd7 Kxd7 20. Rad1+ Kc8 21. Be6+ Kb8 22. Rd7 a6 23. Rxg7 Rf6 24. Rg8+ Ka7 25. Rxa8+ Kxa8 26. Bg8 h5 27. g3 h4 28. Kg2 b5 29. Rd1 Kb7 30. Bd5+ c6 31. Bb3 Rg6 32. Rd7+ Kb6 33. Rf7 hxg3 34. hxg3 c5 35. Rxf5 c4 36. Bc2 Re6 37. Rd5 e3 38. Kf1 a5 39. g4 Kc6 40. Rd4 Rf6 41. Be4+ Kc5 42. Rd5+ Kb6 43. f3 b4 44. cxb4 axb4 45. Ke2 c3 46. Kxe3 Rh6 47. Rh5 Rd6 48. Rd5 Rh6 49. Bc2 Rh2 50. Bb3 c2 51. Bxc2 Rxc2 52. Rd2 Rc3+ 53. Kf4 Ra3 54. g5 Ra4 55. Kf5 Kc6 56. g6 Ra3 57. f4 Rg3 58. Kf6 Ra3 59. g7 Ra8 60. Kg6 Kc5 61. Kh7 Ra7 62. Kh8 Ra8+ 63. g8Q Rxg8+ 64. Kxg8 Kc4 65. f5 Kc3 66. Rh2 Kc4 67. f6 Kb5 68. f7 Ka4 69. f8Q Ka5 70. Qb8 Ka4 71. Rh4 Ka5 72. Rxb4 Ka6 73. Ra4# 1-0

[Event "Madrid-ch U14 Girls"]
[Site "Madrid"]
[Date "2015.04.18"]
[Round "2.3"]
[White "Garcia Sanz, Beatriz"]
[Black "Rial Rodriguez, Marta"]
[Result "1-0"]
[WhiteElo "1284"]
[BlackElo "1442"]
[PlyCount "53"]
[EventDate "2015.04.18"]
[EventType "swiss"]
[EventRounds "7"]
[EventCountry "ESP"]
[SourceTitle "EXT 2024"]
[Source "ChessBase"]
[SourceDate "2023.10.10"]
[SourceVersion "1"]
[SourceVersionDate "2023.10.10"]
[SourceQuality "1"]

1. e4 d5 2. exd5 Nf6 3. Nf3 Bg4 4. c4 c6 5. d4 cxd5 6. Be3 Nc6 7. Nc3 e6 8. c5 b6 9. Bb5 Rc8 10. b4 Be7 11. h3 Bh5 12. Bf4 0-0 13. Bxc6 Rxc6 14. 0-0 bxc5 15. bxc5 Ne4 16. Qd3 Nxc3 17. Qxc3 Bf6 18. Rfe1 Bxf3 19. Qxf3 Bxd4 20. Rab1 Rxc5 21. Qg4 Qf6 22. Re2 Qf5 23. Qxf5 exf5 24. Bd6 h6 25. Bxf8 Kxf8 26. Rb8+ Rc8 27. Rxc8# 1-0

[Event "Madrid-ch (Women)"]
[Site "Madrid"]
[Date "2013.12.21"]
[Round "5"]
[White "Garcia Sanz, Beatriz"]
[Black "Rodriguez Vellon, Jimena"]
[Result "0-1"]
[WhiteElo "1509"]
[BlackElo "1532"]
[PlyCount "76"]
[EventDate "2013.12.13"]
[EventType "swiss"]
[EventRounds "6"]
[EventCountry "ESP"]
[SourceTitle "EXT 2015"]
[Source "ChessBase"]
[SourceDate "2014.11.20"]
[SourceVersion "1"]
[SourceVersionDate "2014.11.20"]
[SourceQuality "1"]

1. e4 e5 2. Nf3 Nc6 3. Nc3 Nf6 4. Bb5 d6 5. d3 Be7 6. d4 0-0 7. Nd5 a6 8. Bc4 Nxe4 9. Bd3 Nf6 10. Nxf6+ Bxf6 11. d5 Ne7 12. Be4 Bf5 13. Qd3 Bxe4 14. Qxe4 Ng6 15. h4 h6 16. h5 Nf4 17. Bxf4 exf4 18. Qxf4 Re8+ 19. Kd1 Bxb2 20. Rb1 Be5 21. Qf5 b5 22. g4 Qf6 23. Qd3 Bf4 24. c3 Rac8 25. Kc2 c6 26. Rhg1 cxd5 27. Rb3 b4 28. Nd4 a5 29. a3 a4 30. Rxb4 Be5 31. Rf1 Bxd4 32. Rxd4 Re2+ 33. Kd1 Ra2 34. Rxd5 Ra1+ 35. Ke2 Re8+ 36. Kd2 Qf4+ 37. Kc2 Rxf1 38. Rxd6 Qc1# 0-1